| 000 | 00580nam a2200181Ia 4500 | ||
|---|---|---|---|
| 008 | 140609s9999 xx 000 0 und d | ||
| 020 | _a9780892369713 | ||
| 050 |
_aTR 9 _b.B35 2009 |
||
| 100 | _aBaldwin, Gordon. | ||
| 245 |
_aLooking at photographs : _ba guide to technical terms / _cGordon Baldwin and Martin Jurgens. |
||
| 250 | _aRev. ed. | ||
| 260 |
_aLos Angeles, Calif. : _bJ. Paul Getty Museum, _cc2009. |
||
| 300 |
_a95 p. : _bcol. ill. ; _c24 cm. |
||
| 500 | _aIncludes bibliographical references and index. | ||
| 521 | _aMA | ||
| 942 |
_kFOR _cBK |
||
| 999 |
_c118276 _d118276 |
||